| 000 | 00528 a2200181 4500 | ||
|---|---|---|---|
| 003 | OSt | ||
| 005 | 20240207155300.0 | ||
| 008 | 240207b |||||||| |||| 00| 0 eng d | ||
| 020 | _a9789382934646 | ||
| 040 | _coclc | ||
| 082 |
_a894.8125 _bBAT/M |
||
| 100 |
_aBathery, Arshad _98036 |
||
| 245 |
_aMalayalathinte Prabhashanangal / _c Arshad Bathery |
||
| 250 | _a3rd ed. | ||
| 260 |
_aKozhikode: _bOlive Publications, _c2017. |
||
| 300 | _a161p. | ||
| 942 |
_2ddc _cBK _h894.8125 _iBAT/M _k894.8125 _mBAT/M |
||
| 999 |
_c44372 _d44372 |
||